01275nam a2200277 a 450000100100000000500170001000800410002704000250006808200170009310000250011024501270013526000600026230000280032259000260035065000350037665000330041165000500044470000250049470000250051970000320054491000380057695201300061495201150074495201210085999900170098000003578520200930074617.0111110s200u dr a 000 0 spa d aDO-SdBNPbspacBNPHU a248.4bA162a1 aAbreu, José95296513aLa agenda del líder :bpara reuniones interactivas /cJosé Abreu, Daniel Durán, Sergio Rubio ; editor Laura Durán. aSanto Domingo :bVíctor del Rosario Galvá,c[200?]. a118 p. :bil. ;c22 cm. aInventariado, 2018/BT 4aVida cristianaxGuías961728 4aFormación espiritual96471 4aVida espiritualxCristianismoxGuías96172912aDurán, Daniel989312aRubio, Sergio96173012aDurán, Laura,eed.961731 aValidado. Control de calidad. EMS 001054708DSaGRbGRcHDd2011-11-10iLF1l0o248.4 A162ap35785-30r2020-06-25te. 3w2020-06-25yLFDSZPréstamo en sala 0010718PDaPDbPDcHDd2011-11-10iLF1l0o248.4 A162ap35785-10r2020-06-25w2020-06-25yLFPDZNo se presta 0010718PDaPDbPDcHDd2011-11-10iLF1l0o248.4 A162ap35785-20r2020-06-25te. 2w2020-06-25yLFPDZNo se presta c35276d35276